000 00548nam a2200229Ia 4500
003 OSt
005 20220928135354.0
006 a|||||r|||| 00| 0
007 ta
008 220927b |||||||| |||| 00| 0 eng d
024 _a1632
037 _cTextual
040 _aSDCL
_cSDCL
_beng
041 _2eng
_aeng
082 _aX:51, L7
100 _aHansen Harry L
_9490166
245 0 _aMarketing
_bText and cases
250 _a4
260 _c1977
942 _hX:51, L7
_cTEXL
_2CC
999 _c805451
_d805451